000 00389nam a2200157 i 4500
001 bg
100 1 _aKRONIN, J.
245 0 _aSbornik zadac po fizike s resenijami /
_cDż. Kronin, D. Grinberg, W. Telegdi.
260 _aMoskwa,
_c1971.
700 1 _aGRINBERG, D.
700 1 _aTELEGDI, W.
040 _cBPK
041 _apol
942 _cKS
008 s pl f |000 0 pol
999 _c9227
_d9227
856 _uhttp://koha.tu.koszalin.pl/cgi-bin/koha/opac-detail.pl?biblionumber=9227
_yKatalog online BPK